Civil Estimating, Costing and Valuation (Record no. 14501)
[ view plain ]
| 000 -LEADER | |
|---|---|
| fixed length control field | 00352nam a22001457a 4500 |
| 020 ## - INTERNATIONAL STANDARD BOOK NUMBER | |
| ISBN | 8185749981 |
| 082 ## - DEWEY DECIMAL CLASSIFICATION NUMBER | |
| Classification number | 690.5 |
| Item number | AMA/CI |
| 100 ## - MAIN ENTRY--AUTHOR NAME | |
| Personal name | Amarjit Aggarwal |
| 100 ## - MAIN ENTRY--AUTHOR NAME | |
| Personal name | Upadhyay,A.K |
| 245 ## - TITLE STATEMENT | |
| Title | Civil Estimating, Costing and Valuation |
| 250 ## - EDITION STATEMENT | |
| Edition statement | 7th |
| 260 ## - PUBLICATION, DISTRIBUTION, ETC. (IMPRINT) | |
| Place of publication | New Delhi |
| Name of publisher | S.K. Kataria & Sons |
| Year of publication | 2008 |
| 300 ## - PHYSICAL DESCRIPTION | |
| Number of Pages | 463 |
| 942 ## - ADDED ENTRY ELEMENTS (KOHA) | |
| Koha item type | Books |
| Withdrawn status | Lost status | Damaged status | Collection code | Home library | Current library | Shelving location | Date acquired | Source of acquisition | Cost, normal purchase price | Full call number | Accession Number | Koha item type |
|---|---|---|---|---|---|---|---|---|---|---|---|---|
| KAUAET | KAUAET | General Stacks | 11/07/2016 | Aman Book Stall, Calicut | 180.00 | 690.5 AMA/CI | 24966 | Books |
